Masalah tani dalam revolusi demokratis. (Record no. 64927)

MARC details
000 -LEADER
fixed length control field 00569cam a22002171 4500
001 - CONTROL NUMBER
control field sa 65006887
003 - CONTROL NUMBER IDENTIFIER
control field DLC
005 - DATE AND TIME OF LATEST TRANSACTION
control field 20260227112145.0
008 - FIXED-LENGTH DATA ELEMENTS--GENERAL INFORMATION
fixed length control field 890516s1964 io 000 0 ind
010 ## - LIBRARY OF CONGRESS CONTROL NUMBER
LC control number sa 65006887
035 ## - SYSTEM CONTROL NUMBER
System control number (OCoLC)23556506
040 ## - CATALOGING SOURCE
Original cataloging agency DLC
Transcribing agency MiU
Modifying agency DLC
042 ## - AUTHENTICATION CODE
Authentication code premarc
043 ## - GEOGRAPHIC AREA CODE
Geographic area code a-io---
050 00 - LIBRARY OF CONGRESS CALL NUMBER
Classification number HD2083 1964
Item number .L5
100 1# - MAIN ENTRY--PERSONAL NAME
Personal name Lin, Ji-tjou.
245 10 - TITLE STATEMENT
Title Masalah tani dalam revolusi demokratis.
260 ## - PUBLICATION, DISTRIBUTION, ETC.
Place of publication, distribution, etc. Djakarta,
Name of publisher, distributor, etc. Jajasan Pembaruan,
Date of publication, distribution, etc. 1964.
300 ## - PHYSICAL DESCRIPTION
Extent 34 p.
Dimensions 18 cm.
650 #0 - SUBJECT ADDED ENTRY--TOPICAL TERM
Topical term or geographic name entry element Agriculture and state
Geographic subdivision Indonesia.

No items available.

Powered by Koha